[Event "Weekend A"]
[Site "Bassano del Grappa ITA"]
[Date "1998.12.28"]
[Round "5"]
[White "Luciani, Valerio"]
[Black "Everet, Alexandro"]
[Result "0-1"]
[WhiteElo "2230"]
[BlackElo "2260"]
[PlyCount "228"]
[EventDate "1998.12.26"]

1. c4 g6 2. Nc3 Bg7 3. g3 Nf6 4. Bg2 c6 5. Nf3 O-O 6. O-O d6 7. d4 Nbd7 8. e4
Nb6 9. b3 Bg4 10. Bb2 Qc7 11. Qe2 Rfe8 12. h3 Bxf3 13. Bxf3 e5 14. d5 c5 15. h4
Qe7 16. Kg2 h6 17. Rh1 Rf8 18. Rag1 Nh7 19. g4 Bf6 20. Bc1 Kg7 21. Qd2 Rh8 22.
Kf1 Kg8 23. Nd1 Bxh4 24. Qxh6 Bg5 25. Bxg5 Qxg5 26. Qh3 Kf8 27. Ne3 Ke7 28. Ke2
Qf6 29. Qg3 Ng5 30. Bg2 Nd7 31. Rxh8 Rxh8 32. Rh1 Ra8 33. Ra1 a6 34. a4 Rb8 35.
f3 Kd8 36. Kd3 Kc7 37. Nf1 Qf4 38. Qxf4 exf4 39. Nd2 Ne5+ 40. Kc3 Re8 41. Rh1
Kb6 42. Kc2 Ka5 43. Kc3 Rg8 44. Rb1 Kb6 45. Rh1 Kc7 46. Kc2 f6 47. Kd1 Rg7 48.
Ke2 Ngf7 49. Rh2 b5 50. axb5 axb5 51. Kd1 Kb6 52. Kc2 Rg8 53. Rh1 Ra8 54. cxb5
Ra2+ 55. Kc3 Kxb5 56. Bf1+ Kb6 57. Be2 Ng5 58. Rf1 Kc7 59. Rh1 c4 60. bxc4 Ra3+
61. Kc2 Nexf3 62. Bxf3 Nxf3 63. Nxf3 Rxf3 64. Rh6 g5 65. Rxf6 Re3 66. Rf5 f3
67. Rxg5 Rxe4 68. Kd3 f2 69. Rf5 Rxg4 70. Rxf2 Rg3+ 71. Kd4 Rg4+ 72. Kc3 Rg1
73. Rf7+ Kb6 74. Rd7 Rg3+ 75. Kb4 Rg6 76. Rd8 Kc7 77. Re8 Rg1 78. Re7+ Kb6 79.
Kc3 Rc1+ 80. Kd3 Rd1+ 81. Kc2 Rh1 82. Rd7 Rh6 83. Kd3 Rh3+ 84. Kd4 Rh4+ 85. Kc3
Rh3+ 86. Kb4 Rh6 87. Re7 Rh1 88. Re8 Kc7 89. Re6 Rb1+ 90. Kc3 Rc1+ 91. Kd3 Rd1+
92. Ke3 Rc1 93. Re4 Kb6 94. Kd4 Rd1+ 95. Kc3 Rh1 96. Re7 Rc1+ 97. Kb3 Rh1 98.
Re6 Kc5 99. Re8 Rh3+ 100. Kc2 Kxc4 101. Re4+ Kxd5 102. Ra4 Ke5 103. Kd2 d5 104.
Ra8 Ke4 105. Ra4+ d4 106. Ke2 Rh2+ 107. Kd1 Ke3 108. Ra8 Rh1+ 109. Kc2 d3+ 110.
Kc3 Rc1+ 111. Kb2 Rc7 112. Ka1 Kd2 113. Kb1 Kd1 114. Kb2 d2 0-1

[Event "Weekend A"]
[Site "Bassano del Grappa ITA"]
[Date "1998.12.28"]
[Round "5"]
[White "Solinas, Carlo"]
[Black "Ventura, Boris"]
[Result "1/2-1/2"]
[WhiteElo "2160"]
[BlackElo "2115"]
[PlyCount "155"]
[EventDate "1998.12.26"]

1. e4 e5 2. Nf3 Nc6 3. d4 exd4 4. Bc4 Bb4+ 5. c3 dxc3 6. O-O d6 7. Qb3 Qe7 8.
Bg5 Nf6 9. Nxc3 Bxc3 10. Qxc3 Ne5 11. Bb5+ Kf8 12. Rfd1 Nxf3+ 13. gxf3 h6 14.
Bh4 g5 15. Bg3 Be6 16. Rac1 Rc8 17. e5 dxe5 18. Bxe5 Kg7 19. Bd7 Bxd7 20. Bxf6+
Qxf6 21. Qxf6+ Kxf6 22. Rxd7 Rhe8 23. Rcxc7 Rxc7 24. Rxc7 Re7 25. Rc5 Re2 26.
Rb5 b6 27. a4 Re5 28. Rb4 Kf5 29. Rc4 Re2 30. Rc7 f6 31. b4 Rb2 32. b5 Kf4 33.
Kg2 Ra2 34. Rxa7 Ke5 35. Re7+ Kd6 36. Re4 f5 37. Rc4 Kd5 38. Rc6 Rxa4 39. Rxb6
Rb4 40. Rxh6 Rxb5 41. Rh5 Ke5 42. Rxg5 Kf4 43. Rg7 Rb8 44. Rg3 Rh8 45. Rg6 Rf8
46. Rb6 Rg8+ 47. Kf1 Rh8 48. Rb3 Rxh2 49. Ke2 Rh1 50. Rb4+ Ke5 51. f4+ Kd5 52.
f3 Ra1 53. Rb5+ Ke6 54. Kf2 Ra8 55. Rb6+ Kf7 56. Kg3 Rg8+ 57. Kh4 Rg1 58. Kh5
Rg3 59. Kh6 Rg1 60. Rb7+ Kf6 61. Rb6+ Kf7 62. Kh5 Rg3 63. Rb3 Rg1 64. Kh4 Rg2
65. Kh3 Rg8 66. Kh2 Kf6 67. Rb6+ Kf7 68. Rh6 Kg7 69. Rh3 Kf6 70. Rg3 Rh8+ 71.
Kg2 Ra8 72. Rg5 Rh8 73. Kf2 Re8 74. Rh5 Ra8 75. Rh6+ Kg7 76. Rc6 Re8 77. Rc3
Kf6 78. Ra3 1/2-1/2

[Event "Weekend A"]
[Site "Bassano del Grappa ITA"]
[Date "1998.12.28"]
[Round "5"]
[White "Zinani, Alessandro"]
[Black "Agosto, Erika"]
[Result "1-0"]
[WhiteElo "2145"]
[BlackElo "2040"]
[PlyCount "113"]
[EventDate "1998.12.26"]

1. d4 d5 2. c4 e6 3. Nc3 Nf6 4. Bg5 Be7 5. e3 O-O 6. Nf3 Nbd7 7. Bd3 c6 8. O-O
b6 9. cxd5 cxd5 10. Rc1 Bb7 11. Qe2 Ne4 12. Bxe7 Qxe7 13. Rc2 a6 14. Rfc1 b5
15. a4 b4 16. Nb1 Rfc8 17. Rxc8+ Bxc8 18. Rc7 Qd8 19. Qc2 b3 20. Qc6 Nb8 21.
Qc1 Nd7 22. Nbd2 Nxd2 23. Nxd2 Rb8 24. a5 Nf6 25. Nxb3 Ne8 26. Rc3 Nd6 27. Qa1
Nb5 28. Bxb5 Rxb5 29. Qc1 Bd7 30. Nc5 g6 31. h3 Kg7 32. Nxa6 Rxa5 33. Nc5 Qa8
34. Ra3 Rxa3 35. bxa3 Bb5 36. Qb2 Qa5 37. Qb4 Qxb4 38. axb4 Kf8 39. f4 Ke7 40.
Kf2 Kd6 41. g4 Ke7 42. g5 Kd6 43. Nb3 Kc6 44. Nd2 Kd7 45. Nf3 Ke7 46. Ne5 Kf8
47. Ng4 Ke7 48. Kf3 Bd3 49. Ne5 Bb5 50. e4 Ke8 51. exd5 exd5 52. Ng4 Ke7 53.
Nf6 Ke6 54. Ng4 Ba4 55. Ne5 Bb5 56. Ke3 Kf5 57. Nxf7 1-0

[Event "Weekend A"]
[Site "Bassano del Grappa ITA"]
[Date "1998.12.28"]
[Round "6"]
[White "Agosto, Erika"]
[Black "Luciani, Valerio"]
[Result "1-0"]
[WhiteElo "2040"]
[BlackElo "2230"]
[PlyCount "71"]
[EventDate "1998.12.26"]

1. e4 e6 2. d4 d5 3. exd5 exd5 4. Nf3 Nc6 5. c3 Bd6 6. Bd3 Nge7 7. Qc2 h6 8.
O-O Be6 9. Nbd2 Qd7 10. a4 O-O-O 11. b4 Rdg8 12. Ba3 f6 13. Rfb1 g5 14. b5 Nd8
15. Nb3 Bxa3 16. Rxa3 Qd6 17. Ra2 Bg4 18. Ne1 Ne6 19. a5 Nf4 20. Bf1 Bf5 21.
Nd3 Neg6 22. b6 cxb6 23. axb6 a6 24. Nbc5 Rg7 25. c4 Kd8 26. Nxa6 dxc4 27. Qxc4
Be6 28. d5 Bxd5 29. Qd4 Ke7 30. Rc2 Ne6 31. Qe3 bxa6 32. Rc7+ Kd8 33. Rxg7 Nxg7
34. b7 Bxb7 35. Rxb7 Ne6 36. Rb6 1-0

[Event "Weekend A"]
[Site "Bassano del Grappa ITA"]
[Date "1998.12.28"]
[Round "6"]
[White "Everet, Alexandro"]
[Black "Alberton, Roberto"]
[Result "1/2-1/2"]
[WhiteElo "2260"]
[BlackElo "2140"]
[PlyCount "135"]
[EventDate "1998.12.26"]

1. d4 Nf6 2. c4 e6 3. Nf3 b6 4. a3 Bb7 5. Nc3 d5 6. e3 Be7 7. cxd5 exd5 8. Bd3
Nbd7 9. O-O O-O 10. b4 c6 11. Bb2 Bd6 12. Ne2 Re8 13. Ng3 g6 14. Nd2 Qe7 15.
Qb3 Qf8 16. Rae1 Qh6 17. e4 Bf4 18. Nf3 dxe4 19. Nxe4 c5 20. Ng3 Ng4 21. h3
Nxf2 22. Rxf2 Bxg3 23. Rxe8+ Rxe8 24. Rf1 Bxf3 25. Rxf3 Bf4 26. Bf1 Re3 27. Qd5
Rxf3 28. gxf3 Qg5+ 29. Qxg5 Bxg5 30. Bb5 Nf8 31. d5 f5 32. Be5 Kf7 33. Kf2 cxb4
34. axb4 Be7 35. Bc3 Bd6 36. Ke3 Ke7 37. Kd3 Nd7 38. Kc4 Nb8 39. Ba4 a6 40. b5
a5 41. Bc2 Nd7 42. Bd4 Bc5 43. Bg7 Kd6 44. f4 Be3 45. Bh6 Ke7 46. h4 Bc5 47.
Bg5+ Kf7 48. h5 Bd6 49. Kd4 Be7 50. hxg6+ hxg6 51. Bh6 Nf6 52. Bb3 Bd6 53. Bg5
Bc5+ 54. Kd3 Bd6 55. Kd4 Kg7 56. Ba2 Ng4 57. Bb1 Kf8 58. Ba2 Bc5+ 59. Kc3 Be7
60. d6 Bxg5 61. fxg5 Ke8 62. Kd4 Kd7 63. Bf7 Kxd6 64. Bxg6 Ke6 65. Be8 Ke7 66.
Bg6 Ke6 67. Be8 Ke7 68. Bg6 1/2-1/2

[Event "Weekend A"]
[Site "Bassano del Grappa ITA"]
[Date "1998.12.28"]
[Round "6"]
[White "Ventura, Boris"]
[Black "Dervishi, Erald"]
[Result "0-1"]
[WhiteElo "2115"]
[BlackElo "2430"]
[PlyCount "78"]
[EventDate "1998.12.26"]

1. e4 e5 2. Nf3 Nc6 3. d4 exd4 4. c3 dxc3 5. Nxc3 d6 6. Bc4 Nf6 7. Qb3 Qd7 8.
Ng5 Ne5 9. Bb5 c6 10. f4 cxb5 11. fxe5 dxe5 12. Be3 a5 13. Qxb5 Bd6 14. O-O-O
Qxb5 15. Nxb5 Bb8 16. Nc3 O-O 17. Rhf1 h6 18. Nf3 Bd7 19. h3 Bc6 20. Nd2 b5 21.
Bxh6 b4 22. Rxf6 gxf6 23. Bxf8 bxc3 24. Nc4 cxb2+ 25. Kxb2 Kxf8 26. Nb6 Ke7 27.
Rc1 Kd6 28. Nxa8 Ba7 29. Rd1+ Bd4+ 30. Rxd4+ exd4 31. Nb6 Kc5 32. Nd5 f5 33.
Nf6 fxe4 34. h4 e3 35. Kc2 Ba4+ 36. Kc1 d3 37. Ne4+ Kd4 38. Nd2 exd2+ 39. Kxd2
Bc6 0-1

[Event "Weekend A"]
[Site "Bassano del Grappa ITA"]
[Date "1998.12.28"]
[Round "6"]
[White "Zinani, Alessandro"]
[Black "Solinas, Carlo"]
[Result "1-0"]
[WhiteElo "2145"]
[BlackElo "2160"]
[PlyCount "117"]
[EventDate "1998.12.26"]

1. d4 Nf6 2. Nf3 g6 3. g3 Bg7 4. Bg2 O-O 5. c4 d6 6. Nc3 c6 7. O-O Qa5 8. e4
Bg4 9. h3 Bxf3 10. Bxf3 Nfd7 11. Be3 Nb6 12. Qb3 Na6 13. a3 c5 14. d5 Nc7 15.
Be2 Bxc3 16. bxc3 Qa4 17. Rab1 Rfb8 18. Qxa4 Nxa4 19. Rb3 a6 20. Rfb1 Ra7 21.
Bg4 b5 22. cxb5 Rab7 23. c4 axb5 24. Bd2 b4 25. axb4 cxb4 26. Rxb4 Rxb4 27.
Rxb4 Rxb4 28. Bxb4 Na6 29. Ba3 N6c5 30. Bf3 Nd3 31. Be2 Ne1 32. e5 Nc5 33. Bxc5
dxc5 34. f4 Kf8 35. Kf2 Nc2 36. Bd3 Nd4 37. Ke3 Ke8 38. g4 f5 39. Kf2 Kf7 40.
Kg3 h6 41. Kf2 Kg7 42. Be2 Kf7 43. Bd1 Ke8 44. Kg3 Kf7 45. gxf5 Nxf5+ 46. Kf2
Nd4 47. Bf3 Nc2 48. Be4 Nd4 49. Kg3 Ne2+ 50. Kg4 Nc3 51. Bf3 Nb1 52. f5 Nd2 53.
fxg6+ Kxg6 54. Be2 Kg7 55. Kf5 Nb3 56. Ke6 Kf8 57. Kd7 Na5 58. d6 exd6 59. e6
1-0

[Event "I Open A"]
[Site "Padova ITA"]
[Date "1998.12.11"]
[Round "1"]
[White "Astengo, Marcello"]
[Black "Rossi, Carlo"]
[Result "0-1"]
[WhiteElo "2040"]
[BlackElo "2355"]
[PlyCount "73"]
[EventDate "1998.12.11"]

1.d4 h6 2.c4 d6 3.Nc3 g5 4.e4 Bg7 5.Be3 Nc6 6.f3 e5 7.Nge2 Nf6 8.d5 Ne7 9.
Ng3 Ng6 10.Be2 Nf4 11.O-O h5 12.Rc1 h4 13.Nf5 Bxf5 14.exf5 Qd7 15.c5 a6 
16.Bc4 O-O 17.Qc2 dxc5 18.Bxc5 b5 19.Bxf8 Bxf8 20.Bb3 Bc5+ 21.Kh1 Bb6 22.
Rcd1 Kg7 23.Rfe1 N6h5 24.Ne4 Qxf5 25.Rd2 Rh8 26.Nf2 Qxc2 27.Bxc2 Ba5 28.
Rdd1 Bxe1 29.Rxe1 f6 30.Ne4 Nxd5 31.Rd1 Nhf4 32.Bb3 c6 33.Kg1 Ne2+ 34.Kf2 
Nd4 35.Nc5 a5 36.Bxd5 cxd5 37.Nb7 0-1

[Event "I Open A"]
[Site "Padova ITA"]
[Date "1998.12.11"]
[Round "1"]
[White "Battagin, Mose'"]
[Black "Ljubisavljevic, Zivojin Z."]
[Result "0-1"]
[WhiteElo "1897"]
[BlackElo "2290"]
[PlyCount "86"]
[EventDate "1998.12.11"]

1.e4 c5 2.Nc3 Nc6 3.f4 e6 4.Bb5 Nd4 5.a4 Nf6 6.Nf3 a6 7.Bd3 d6 8.O-O Be7 
9.b3 O-O 10.Bb2 e5 11.fxe5 Nxf3+ 12.Qxf3 dxe5 13.Nd5 Nxd5 14.exd5 Bd6 15.
Rae1 Qg5 16.Qe3 Qxe3+ 17.dxe3 f5 18.a5 e4 19.Bc4 Bd7 20.Bc3 g5 21.Re2 Rae8
22.g3 h5 23.Rb1 Bc8 24.Rbe1 Kh7 25.Kh1 Re7 26.Kg1 Kg6 27.Rb1 f4 28.gxf4 
gxf4 29.exf4 Rxf4 30.Rf1 Rxf1+ 31.Kxf1 Bh3+ 32.Kg1 e3 33.Bb2 Bg4 34.Re1 
Bf4 35.Be2 Kf5 36.h3 Bxe2 37.Rxe2 Ke4 38.c4 Kf3 39.Kf1 Bg3 40.Ba3 Rc7 41.
Bb2 Rc8 42.Bc3 Rg8 43.Rg2 Bf2 0-1

[Event "I Open A"]
[Site "Padova ITA"]
[Date "1998.12.11"]
[Round "1"]
[White "Bianchi, Andrea"]
[Black "Timoscenko, Gennadij A."]
[Result "0-1"]
[WhiteElo "2145"]
[BlackElo "2470"]
[PlyCount "57"]
[EventDate "1998.12.11"]

1.e4 c5 2.Nf3 e6 3.d4 cxd4 4.Nxd4 a6 5.Nc3 b5 6.Bd3 Qb6 7.Nb3 Qc7 8.O-O 
Bb7 9.f4 b4 10.Nb1 Nf6 11.Qe2 d6 12.a3 bxa3 13.Nxa3 Be7 14.Bd2 Nc6 15.Nb1 
O-O 16.Kh1 a5 17.Nc3 Nb4 18.Nb5 Qb6 19.Bxb4 axb4 20.N5d4 Rxa1 21.Rxa1 g6 
22.Ra5 Ra8 23.Rb5 Qc7 24.Rg5 Nd7 25.Rg3 Nc5 26.Qh5 Nxd3 27.f5 Ne5 28.fxe6 
fxe6 29.Qh6 0-1

[Event "I Open A"]
[Site "Padova ITA"]
[Date "1998.12.11"]
[Round "1"]
[White "Corvi, Marco"]
[Black "Giacomini, Massimo"]
[Result "1-0"]
[WhiteElo "2305"]
[BlackElo "1914"]
[PlyCount "99"]
[EventDate "1998.12.11"]

1.c4 c6 2.Nf3 Nf6 3.g3 d5 4.b3 g6 5.Bb2 Bg7 6.Bg2 O-O 7.O-O Nbd7 8.d4 Ne4 
9.cxd5 cxd5 10.Nbd2 Ndf6 11.Ne5 Be6 12.f3 Nd6 13.e4 Rc8 14.Kh1 Qb6 15.Re1 
Rc7 16.Nd3 Nb5 17.Nc5 Nd7 18.exd5 Bxd5 19.Rxe7 Nxc5 20.dxc5 Bxb2 21.cxb6 
Rxe7 22.bxa7 Bxa1 23.Qxa1 Nxa7 24.Qd4 Nc6 25.Qxd5 Rd8 26.Qg5 Re5 27.Qh6 
Re2 28.Nf1 Rd1 29.f4 Nd4 30.g4 Rxa2 31.f5 Rf2 32.Qh4 Rf4 33.Qd8+ Kg7 34.
fxg6 hxg6 35.h3 Rb1 36.Qc7 g5 37.Qe5+ f6 38.Qe7+ Kh8 39.Qf8+ Kh7 40.Qe7+ 
Kh6 41.Kh2 Rbxf1 42.Bxf1 Rxf1 43.Qxb7 Rf2+ 44.Kg3 Rb2 45.b4 Ne2+ 46.Kf3 
Nf4 47.b5 Rb3+ 48.Ke4 Ne6 49.Qe7 Nf4 50.Qf8+ 1-0

[Event "I Open A"]
[Site "Padova ITA"]
[Date "1998.12.11"]
[Round "1"]
[White "De Bortoli, Peter"]
[Black "Chatalbashev, Boris"]
[Result "0-1"]
[WhiteElo "2215"]
[BlackElo "2535"]
[PlyCount "66"]
[EventDate "1998.12.11"]

1.e4 g6 2.h4 d5 3.h5 dxe4 4.hxg6 fxg6 5.Nc3 Nf6 6.b3 Bg7 7.Bb2 Bf5 8.Qe2 
Nc6 9.O-O-O Qd6 10.Nb5 Qd7 11.Qc4 a6 12.Nd4 Nxd4 13.Bxd4 b5 14.Qc5 Qd6 15.
c4 O-O 16.Nh3 Bxh3 17.Rxh3 Ng4 18.Rh4 Bxd4 19.Qxd6 cxd6 20.Rxg4 Rxf2 21.
Rxe4 e5 22.Bd3 Rc8 23.Kb1 b4 24.Rg4 Kg7 25.Be4 Rcf8 26.Kc2 a5 27.Rg3 R8f4 
28.Bc6 e4 29.Rg5 e3 30.Rxa5 Bc3 31.Rd5 Bxd2 32.Rxd6 Bc3+ 33.Kc1 e2 0-1

[Event "I Open A"]
[Site "Padova ITA"]
[Date "1998.12.11"]
[Round "1"]
[White "Genocchio, Daniele"]
[Black "Godena, Michele"]
[Result "0-1"]
[WhiteElo "2195"]
[BlackElo "2510"]
[PlyCount "83"]
[EventDate "1998.12.11"]

1.e4 e5 2.Nf3 Nc6 3.d4 exd4 4.Nxd4 Bb4+ 5.c3 Bc5 6.Bc4 d6 7.O-O Nf6 8.Bg5 
h6 9.Bh4 Ne5 10.Bd3 O-O 11.f4 Ng6 12.Bg3 Bg4 13.Qe1 Re8 14.Bh4 Bf5 15.Bxf6
Qxf6 16.Qe3 Bxe4 17.Bxe4 d5 18.Nd2 dxe4 19.Rae1 Bxd4 20.cxd4 Qf5 21.Nxe4 
Re7 22.Qf3 Nh4 23.Qf2 Rxe4 24.Qxh4 Rxd4 25.Re7 Qc5 26.Kh1 Rad8 27.Qe1 Rxf4
28.Re8+ Rxe8 29.Qxe8+ Kh7 30.Rg1 Qf5 31.Qe3 b6 32.Qc1 c5 33.Qe1 Rf2 34.Qc1
Rc2 35.Qb1 Qg6 36.Qa1 Rf2 37.a3 Qf6 38.Qb1+ Qf5 39.Qa2 Qe4 40.Qb3 c4 41.
Qa4 Rxb2 42.Qxa7 0-1

[Event "I Open A"]
[Site "Padova ITA"]
[Date "1998.12.11"]
[Round "1"]
[White "Khenkin, Igor"]
[Black "Caruso, Augusto"]
[Result "1-0"]
[WhiteElo "2600"]
[BlackElo "2285"]
[PlyCount "87"]
[EventDate "1998.12.11"]

1.d4 d5 2.c4 e6 3.Nf3 c5 4.cxd5 exd5 5.g3 Nc6 6.Bg2 Nf6 7.O-O c4 8.b3 cxb3
9.Qxb3 Be7 10.Bd2 O-O 11.Rc1 Bg4 12.e3 Qd7 13.Nc3 Rfd8 14.Be1 Bf5 15.a4 
Ne4 16.Ne2 Rab8 17.Nf4 g6 18.a5 a6 19.Nd2 Nf6 20.Nd3 h5 21.Nc5 Qc7 22.Nf3 
Nd7 23.Na4 Qd6 24.Bd2 Nf6 25.Nc5 Ne4 26.Bc3 Nxc5 27.dxc5 Qe6 28.Nd4 Nxd4 
29.Bxd4 Be4 30.f3 Bf5 31.Qb6 h4 32.Rc3 hxg3 33.hxg3 Bh3 34.Qxe6 Bxe6 35.
Rb1 Rdc8 36.f4 Bd8 37.Ra3 Be7 38.Rc3 Bd8 39.Ra1 Rc6 40.e4 dxe4 41.Bxe4 
Rcc8 42.Be5 Bc7 43.Bf6 Bd6 44.cxd6 1-0

[Event "I Open A"]
[Site "Padova ITA"]
[Date "1998.12.11"]
[Round "1"]
[White "Manca, Federico"]
[Black "Danieli, Enrico"]
[Result "1-0"]
[WhiteElo "2380"]
[BlackElo "2070"]
[PlyCount "51"]
[EventDate "1998.12.11"]

1.e4 g6 2.d4 Bg7 3.Nc3 c6 4.Nf3 d5 5.h3 dxe4 6.Nxe4 Nd7 7.Bc4 Ngf6 8.Ng3 
O-O 9.O-O Qc7 10.Re1 Nb6 11.Bb3 Bf5 12.Nxf5 gxf5 13.c3 e6 14.Ne5 Nbd5 15.
Qf3 Ne4 16.Bc2 f6 17.Nd3 Rae8 18.c4 Nb6 19.b3 Ng5 20.Qe2 e5 21.dxe5 Nf7 
22.e6 Ne5 23.Nf4 Ng6 24.Qf3 Nd7 25.Be3 Nde5 26.Qh5 1-0

[Event "I Open A"]
[Site "Padova ITA"]
[Date "1998.12.11"]
[Round "1"]
[White "Mrdja, Milan"]
[Black "Bracaglia, Carlo"]
[Result "1-0"]
[WhiteElo "2430"]
[BlackElo "2135"]
[PlyCount "103"]
[EventDate "1998.12.11"]

1.e4 c5 2.Nf3 Nc6 3.Bb5 g6 4.O-O Bg7 5.Re1 Nf6 6.Bxc6 dxc6 7.h3 O-O 8.d3 
a5 9.a4 Ne8 10.Nbd2 Nc7 11.e5 Ne6 12.Ne4 Qc7 13.Neg5 h6 14.Nxe6 Bxe6 15.
Bf4 Rad8 16.Qe2 Kh7 17.b3 Rd7 18.Nh2 Rfd8 19.Bg3 b5 20.Nf3 Qb6 21.Qe3 Kg8 
22.Nd2 Rd4 23.axb5 cxb5 24.f4 Qc7 25.Bf2 c4 26.Nf3 R4d5 27.dxc4 bxc4 28.
Qc3 Rc8 29.b4 axb4 30.Qxb4 Rb8 31.Qc3 Rdd8 32.Bd4 Rb7 33.Qe3 Qc6 34.Bc3 
Bd5 35.Nd4 Qc8 36.Kh2 e6 37.g4 Rdd7 38.f5 Ra7 39.Rxa7 Rxa7 40.Nxe6 fxe6 
41.Qxa7 exf5 42.Rd1 Bb7 43.Qb6 Qc6 44.Qxc6 Bxc6 45.gxf5 gxf5 46.Rd8+ Kh7 
47.Bd4 h5 48.e6 Bxd4 49.Rxd4 Kg7 50.Rxc4 Be8 51.Rc8 Kf8 52.Rc7 1-0

[Event "I Open A"]
[Site "Padova ITA"]
[Date "1998.12.11"]
[Round "1"]
[White "Quinn, Mark Peter"]
[Black "Rigo, Gianfrancesco"]
[Result "1-0"]
[WhiteElo "2350"]
[BlackElo "2015"]
[PlyCount "70"]
[EventDate "1998.12.11"]

1.Nf3 Nf6 2.d4 d6 3.c4 Nbd7 4.Nc3 e5 5.Bg5 Be7 6.e3 h6 7.Bh4 c6 8.Qc2 Qc7 
9.Bd3 Nf8 10.h3 g5 11.Bg3 Nh5 12.Bh2 Bf6 13.g4 exd4 14.Ne4 dxe3 15.gxh5 
exf2+ 16.Kxf2 Qb6+ 17.c5 Qxb2 18.Nxd6+ Ke7 19.Qxb2 Bxb2 20.Rab1 Ba3 21.
Nxc8+ Rxc8 22.Rxb7+ Kd8 23.Bd6 Nd7 24.Rxd7+ Kxd7 25.Bf5+ Kd8 26.Bxc8 Kxc8 
27.Rb1 Kd7 28.Nd4 Rc8 29.Nc2 Bxc5+ 30.Bxc5 Ke6 31.Rb7 Rd8 32.Ke2 a5 33.Ne3
a4 34.Re7+ Kf6 35.Re4 Ra8 1-0

[Event "I Open A"]
[Site "Padova ITA"]
[Date "1998.12.11"]
[Round "1"]
[White "Rossato, Armando"]
[Black "Medancic, Rikard"]
[Result "1-0"]
[WhiteElo "1923"]
[BlackElo "2330"]
[PlyCount "85"]
[EventDate "1998.12.11"]

1.d4 c5 2.c3 Qc7 3.Nf3 Nf6 4.g3 b6 5.Bg2 Bb7 6.O-O d6 7.Bf4 Nbd7 8.Nbd2 
Nd5 9.e4 Nxf4 10.gxf4 g6 11.Re1 Bh6 12.f5 gxf5 13.exf5 Nf6 14.Nf1 O-O-O 
15.Ng3 Rdg8 16.a4 a6 17.c4 cxd4 18.a5 bxa5 19.Qxd4 Rg4 20.Qc3 Rxc4 21.Qb3 
Rc5 22.Qxf7 Bf8 23.Nd4 Bxg2 24.Kxg2 Kb8 25.Ra3 Qb7+ 26.Kg1 Qd5 27.Rb3+ Ka8
28.Ne6 Qd2 29.Rbe3 Rc1 30.Rxc1 Qxc1+ 31.Kg2 Qc6+ 32.Kh3 Nd5 33.Rd3 Ka7 34.
f6 Qc4 35.Rd4 Qc6 36.Nxf8 Qc8+ 37.Ne6 Nc7 38.Re4 d5 39.Re1 Re8 40.fxe7 Qd7
41.Nf5 Nb5 42.Qxe8 Qxe8 43.Neg7 1-0

[Event "I Open A"]
[Site "Padova ITA"]
[Date "1998.12.11"]
[Round "1"]
[White "Ruzzier, Dario"]
[Black "Tomescu, Vlad"]
[Result "0-1"]
[WhiteElo "2090"]
[BlackElo "2425"]
[PlyCount "66"]
[EventDate "1998.12.11"]

1.d4 d5 2.c4 Bf5 3.Nc3 e6 4.e3 c6 5.Nf3 Nd7 6.Bd3 Bxd3 7.Qxd3 f5 8.a3 Bd6 
9.b4 Ngf6 10.O-O Ne4 11.cxd5 cxd5 12.Nb5 O-O 13.Bb2 Bb8 14.a4 Nb6 15.Qc2 
Qd7 16.Ne5 Bxe5 17.dxe5 Rfc8 18.Qd3 a6 19.Nd4 Nc4 20.Qe2 Ned2 21.Rfd1 Nxb2
22.Rxd2 Nc4 23.Rc2 Nxe5 24.Rxc8+ Rxc8 25.b5 Nc4 26.Qh5 g6 27.Qg5 e5 28.Nf3
Qd8 29.Qh6 Qd7 30.bxa6 bxa6 31.h4 Qg7 32.Qg5 Nd6 33.Rb1 Ne4 0-1

[Event "I Open A"]
[Site "Padova ITA"]
[Date "1998.12.12"]
[Round "2"]
[White "Bracaglia, Carlo"]
[Black "Medancic, Rikard"]
[Result "1-0"]
[WhiteElo "2135"]
[BlackElo "2330"]
[PlyCount "123"]
[EventDate "1998.12.11"]

1.e4 e5 2.Nf3 Nc6 3.Nc3 Nf6 4.d4 exd4 5.Nxd4 Bb4 6.Nxc6 bxc6 7.Bd3 d5 8.
exd5 cxd5 9.O-O O-O 10.Bg5 c6 11.Ne2 h6 12.Bh4 Bg4 13.c3 Be7 14.Qa4 Bd7 
15.Qc2 Re8 16.c4 Ne4 17.Bxe7 Qxe7 18.Nc3 Nf6 19.cxd5 cxd5 20.Rfd1 Qe5 21.
h3 Rab8 22.Rd2 Qg5 23.Kf1 Kh8 24.Rad1 Rb4 25.Re2 Reb8 26.b3 Be6 27.Re3 Rh4
28.Rg3 Qe5 29.Re1 Qd6 30.Nb5 Qb6 31.Qb2 a6 32.Nc3 Rc8 33.Na4 Qa7 34.Rc1 
Rd8 35.Qe2 Rf4 36.Rf3 Rxf3 37.Qxf3 a5 38.Qf4 Kg8 39.Qc7 Qxc7 40.Rxc7 d4 
41.Rc5 Nd5 42.Rxa5 Nf4 43.Nc5 Rc8 44.Be4 g5 45.Ra8 Rxa8 46.Bxa8 Kf8 47.Ke1
Bf5 48.Kd2 Ke7 49.b4 Kd6 50.a4 Ne6 51.g4 Nc7 52.Bb7 Be6 53.Kd3 Ke5 54.a5 
Ba2 55.a6 Nb5 56.Bc6 Na7 57.b5 Bb1+ 58.Kc4 Ba2+ 59.Kb4 Bb1 60.Bf3 Nc8 61.
a7 Nxa7 62.b6 1-0

[Event "I Open A"]
[Site "Padova ITA"]
[Date "1998.12.12"]
[Round "2"]
[White "Cacco, Christian"]
[Black "Battagin, Mose'"]
[Result "1-0"]
[WhiteElo "2190"]
[BlackElo "1897"]
[PlyCount "89"]
[EventDate "1998.12.11"]

1.d4 Nf6 2.Nf3 c5 3.e3 b6 4.c4 Bb7 5.Nc3 g6 6.Be2 Bg7 7.O-O O-O 8.b3 Ne4 
9.Bb2 Nxc3 10.Bxc3 d6 11.Qd2 Nd7 12.Rfd1 Qe8 13.b4 Rc8 14.Rac1 h6 15.Ba1 
f5 16.dxc5 bxc5 17.bxc5 Nxc5 18.Bd4 Qf7 19.Ne1 Ne4 20.Qb4 Ba8 21.Nd3 Kh7 
22.f3 e5 23.Bb2 Rcd8 24.Qe1 Ng5 25.Nb4 f4 26.e4 Ne6 27.Rd2 a5 28.Nc2 Rb8 
29.Ba3 Nc5 30.Rxd6 Rfc8 31.Rcd1 Bxe4 32.fxe4 Nxe4 33.Rd7 Qf6 34.Bd3 Qb6+ 
35.Kf1 Nf6 36.Rd6 Rc6 37.c5 Qc7 38.Bxg6+ Kxg6 39.Qe4+ Kg5 40.Qxc6 Qxc6 41.
Rxc6 e4 42.Bc1 Kg4 43.h3+ Kg3 44.Nd4 Bh8 45.Nf5+ 1-0

[Event "I Open A"]
[Site "Padova ITA"]
[Date "1998.12.12"]
[Round "2"]
[White "Caruso, Augusto"]
[Black "Ruzzier, Dario"]
[Result "1-0"]
[WhiteElo "2285"]
[BlackElo "2090"]
[PlyCount "32"]
[EventDate "1998.12.11"]

1.e4 e5 2.Nf3 Nc6 3.Bb5 a6 4.Ba4 Nf6 5.O-O Nxe4 6.d4 b5 7.Bb3 d5 8.c4 Bg4 
9.dxe5 dxc4 10.Qe2 Qd3 11.Qxd3 cxd3 12.Bd5 Nb4 13.Bxa8 Nc5 14.Na3 Be7 15.
Bd2 a5 16.Bxb4 axb4 1-0

[Event "I Open A"]
[Site "Padova ITA"]
[Date "1998.12.12"]
[Round "2"]
[White "Chatalbashev, Boris"]
[Black "Manca, Federico"]
[Result "1-0"]
[WhiteElo "2535"]
[BlackElo "2380"]
[PlyCount "81"]
[EventDate "1998.12.11"]

1.d4 Nf6 2.Nf3 g6 3.c4 Bg7 4.Nc3 O-O 5.Bg5 d6 6.e3 Nbd7 7.Qc2 e5 8.Be2 c6 
9.O-O Qc7 10.Rad1 Re8 11.b4 a5 12.a3 axb4 13.axb4 exd4 14.exd4 Nf8 15.Rfe1
Bf5 16.Qd2 Ne4 17.Nxe4 Rxe4 18.Be3 Re7 19.h3 Nd7 20.Bf4 Nf6 21.c5 Ne4 22.
cxd6 Qd7 23.Qc1 Nxd6 24.Ne5 Qe8 25.Bf3 Rd8 26.Qc5 f6 27.Nd3 Ne4 28.Qb6 Ng5
29.Bxg5 fxg5 30.Ne5 Rd6 31.Be2 h6 32.Qc5 Rd8 33.Bc4+ Kh7 34.Nf3 Re4 35.
Rxe4 Qxe4 36.Re1 Qc2 37.Qb6 Ra8 38.Qxb7 Ra3 39.Re7 Qc1+ 40.Kh2 Qxc4 41.
Rxg7+ 1-0

[Event "I Open A"]
[Site "Padova ITA"]
[Date "1998.12.12"]
[Round "2"]
[White "Danieli, Enrico"]
[Black "De Bortoli, Peter"]
[Result "0-1"]
[WhiteElo "2070"]
[BlackElo "2215"]
[PlyCount "94"]
[EventDate "1998.12.11"]

1.Nf3 e6 2.d4 Nf6 3.e3 b6 4.Bd3 Be7 5.O-O O-O 6.b3 Ba6 7.Bb2 Bxd3 8.Qxd3 
d5 9.Nbd2 Nc6 10.a3 a5 11.Rfc1 Re8 12.c4 Nb8 13.Ne5 c5 14.Ndf3 Bf8 15.cxd5
exd5 16.Qf5 h6 17.Rd1 a4 18.dxc5 bxc5 19.Qc2 axb3 20.Qxb3 c4 21.Qb7 Nbd7 
22.Nxd7 Qxd7 23.Qxd7 Nxd7 24.Rxd5 Nb6 25.Rb5 Na4 26.Bd4 c3 27.Ne1 Reb8 28.
Rxb8 Rxb8 29.Kf1 Rb2 30.Nd3 Rb3 31.Nb4 Bc5 32.Nc2 Rb2 33.Rc1 Ra2 34.Ke1 
Bd6 35.g3 Nb2 36.Ke2 Na4 37.Kd3 Kh7 38.h4 Kg6 39.f4 Bxa3 40.Nxa3 Rxa3 41.
Bxc3 Nxc3 42.Rxc3 Rxc3+ 43.Kxc3 Kf5 44.Kd3 Kg4 45.e4 Kxg3 46.Ke3 Kxh4 47.
Kf3 h5 0-1

[Event "I Open A"]
[Site "Padova ITA"]
[Date "1998.12.12"]
[Round "2"]
[White "Giacomini, Massimo"]
[Black "Bianchi, Andrea"]
[Result "1-0"]
[WhiteElo "1914"]
[BlackElo "2145"]
[PlyCount "83"]
[EventDate "1998.12.11"]

1.Nf3 Nf6 2.d4 d5 3.e3 e6 4.Bd3 c5 5.b3 Be7 6.O-O O-O 7.Nbd2 b6 8.Bb2 Bb7 
9.Ne5 Nbd7 10.Qe2 Rc8 11.f4 Ne4 12.c4 f6 13.Nxd7 Qxd7 14.Rad1 Nxd2 15.Rxd2
f5 16.g4 Qc6 17.Qf3 fxg4 18.Qxg4 Bf6 19.Qh3 g6 20.cxd5 exd5 21.Rg2 c4 22.
Bf5 Rce8 23.Bd7 Bc8 24.Bxc6 Bxh3 25.Bxd5+ Kg7 26.e4 Bxg2 27.Kxg2 cxb3 28.
axb3 Rc8 29.Bc4 Rfd8 30.e5 Be7 31.Ra1 a5 32.Kf3 Bb4 33.Ke4 Rc7 34.d5 Kf8 
35.d6 Rc6 36.Ba3 Bxa3 37.Rxa3 Rc5 38.Kd4 Ke8 39.Ra2 Kd7 40.b4 axb4 41.Ra7+
Ke8 42.Rxh7 1-0